01723nac a22002771u 4500010001700000020002800017082002200045090001500067100003400082245011400116260006200230300003900292504005300331505041900384650004900803650003900852650002600891650005700917650006400974650004701038856008201085856009101167942002401258999001501282952014801297 a 2005007551 a0195188047 (alk. paper)00a338.9730927bR937 c2136d2136 aRuttan, Vernon W. 10aIs war necessary for economic growth? :bmilitary procurement and technology development /cVernon W. Ruttan. aOxford ;aNew York :bOxford University Press,2006c2006. axi, 219 p. :bill., maps ;c24 cm. aIncludes bibliographical references and indexes.0 aWar and economic growth -- Interchangeable parts and mass production -- Military and commercial aircraft -- Nuclear energy and electric power -- The computer industry -- Inventing the Internet -- The space industries -- Is war necessary? -- Appendix 1. From concept to commercial development: seven general purpose technologies -- Appendix 2. Computers, microprocessors, and the Internet: a counterfactual history. 0aTechnological innovationsxEconomic aspects. 0aHigh technologyxMilitary aspects. 0aEconomic development. 0aDefense industriesxEconomic aspectszUnited States. 0aTechnological innovationsxEconomic aspectszUnited States. 0aHigh technology industrieszUnited States.413Table of contents onlyuhttp://www.loc.gov/catdir/toc/ecip059/2005007551.html413Publisher descriptionuhttp://www.loc.gov/catdir/enhancements/fy0639/2005007551-d.html cBBk338.9730927R937 c2136d2136 00102ddc4070aMAINbMAINc1STd2012-02-07ePurchaseg1705.00l6m3o338.9730927 RUTp000002230r2025-07-15 00:00:00s2021-10-20v2130.00yBB